000 01060nam a22002417i 4500
999 _c23337
_d23337
003 AR-CdUCM
008 250724b20142014 pe||||| |||| 00| 0 spa d
040 _aMUNICIPALIDAD PROVINCIAL DEL CUSCO
_cBIBLIOTECA MUNICIPAL DEL CUSCO
041 _hspa
082 _a336.2783 / P83
_bP83
100 _aPozo Loayza, César
_951298
245 _a¿Minería y Bienestar en el Perú? :
_bEvaluacion de impacto del esquema actual y esquemas alternativos de re-distribucion del Canon Minero elementos de discusion para el debate /
300 _a126 páginas. :
_c24x17 cm.
505 _aCanon Minero en el Perú -- Evaluación de impacto -- Impacto en la oferta laboral -- Re-distribución del canon minero -- Escenarios de las micro-simulaciones
650 _aCanon minero
_951299
650 _aEconomías locales
_951300
650 _aConsumo y pobreza
_951301
650 _aDesigualdad de ingresos
_951302
700 _aGuzman Pacheco, Esther -Paucarmayta Tacuri, Valerio
_951303
856 _fwww.cbc.org.pe
942 _2ddc
_cLIBROS
945 _apbjr
_d24-07-2025